=LDR 00000nam 2200000 4500 =001 INLIS000000000002017 =005 20130612090405 =008 ***********************************Ind** =035 ##$$0010-061300000002017 =041 ##$$a Ind =082 ##$$a 612.491 =090 ##$$a 612.491, Man p =100 ##$$a Mantak,Chia =245 ##$$a Peremajaan susunan tulang, hia;alih bahasa,Zaini Dahlan =260 ##$$a 1998 $b Jakarta =300 ##$$a xxxiii,274 hlm, ilus, 23 cm =650 ##$$a Tulang,Sumsum =700 ##$$a Dahlan,T.Zaini =850 ##$$a NBPNMAT